000 00289nam a22001337a 4500
020 _a9788182092218
041 _aENG
100 _aLeon.A
245 _aDatabase Management Systems
260 _aNew York
_bLeon Vikas
_c1999
300 _a988
650 _aComputer
856 _uComputer
999 _c2426
_d2426